000 00666nam a22002297a 4500
003 UA-OsUOA
001 103430
007 ta
008 20131030b un ||||| |||| 00| 0 ukr d
100 _aКовтун Н.В.
700 _aДоліновська О.Я.
090 _a330(477)
_bК56
942 _cSA
040 _aUA-OsUOA
_bukr
_cUA-OsUOA
_dUA-OsUOA
245 _aФактори формування зовнішнього державного боргу
300 _aС.38-53
955 _a0
041 _aukr
080 _a330(477)
773 0 _w103428
_tФінанси України
_dК.
_d2013
_g6
650 7 _a330 Економіка взагалі
_2UDC
999 _c390136
_d390136